|
|
|
|
| LEADER |
00986nam a22002892a 4500 |
| 001 |
001352688 |
| 003 |
CZ BrMZK |
| 005 |
20131210111347.0 |
| 007 |
ta |
| 008 |
131210s1964 xr er|||||||||||cze d |
| 015 |
|
|
|a cnb000478480
|
| 035 |
|
|
|a (OCoLC)42102730
|
| 040 |
|
|
|a ABA001
|b cze
|d OLA001
|d BOA001
|
| 080 |
9 |
|
|a 311.1/.2:[658.83+381.5
|
| 100 |
1 |
|
|a Černý, Martin,
|d 1937-
|7 jn19981002640
|4 aut
|
| 245 |
1 |
0 |
|a Zjišťování zásob a prodeje v maloobchodě na základě výběru prodejen /
|c Martin Černý, Stanislav Hrabě
|
| 250 |
|
|
|a 1. vyd.
|
| 260 |
|
|
|a Praha :
|b Vydavatelství obchodu,
|c 1964
|
| 300 |
|
|
|a 70 s.
|
| 490 |
1 |
|
|a Základní knižnice vnitřního obchodu ;
|v sv. 19
|
| 504 |
|
|
|a Obsahuje bibliografii
|
| 700 |
1 |
|
|a Hrabě, Stanislav
|7 jx20070117010
|4 aut
|
| 830 |
|
0 |
|a Základní knižnice vnitřního obchodu
|
| 910 |
|
|
|a BOA001
|b 2-0516.607
|
| 990 |
|
|
|a BK
|
| 991 |
|
|
|b 201312
|
| 996 |
7 |
|
|b 2619046917
|c 2-0516.607
|l HP2
|r DEN
|n 0
|w 001387528
|u 000010
|a 1
|e BOA001
|j MZK50
|s A
|